Timbers multiple choice - Statistics

General Stats
  • This quiz has been taken 13 times
  • The average score is 7 of 9
Answer Stats
Question Answer % Correct
Which type of tree takes longer to grow? hardwood
100%
What are the main softwoods?(think PCL) Pine, Cedar, Larch
100%
What are the main manmade boards? plywood, MDF, chipboard
100%
What are the main hardwoods?(think BJBAMBO) beech, jelutong, balsa, ash, mahogany, birch, oak
89%
Which type of tree's wood is more expensive? hardwood
89%
What are the 2 types of natural wood? Evergreen and Deciduous
67%
What type of wood is Deciduous? hardwood
67%
What type of wood is Evergreen? softwood
67%
What are the 2 main types of wood? Natural and Manmade
44%
No matching quizzes found
Score Distribution
Percent of People with Each Score
Percentile by Number Answered
Your Score History
You have not taken this quiz